000 00509nam a22001817a 4500
005 20251108170518.0
008 250721s1980 xx 000 0 ara d
082 1 4 _aط/ق/مخت
245 1 0 _aالمخترع الصغير /
264 1 _aبيروت :
_bدار العلم للملايين،
_c1980.
300 _a48ص
490 0 _aعبقريات مبكرة
650 1 7 _aأدب الأطفال
650 1 7 _aالقصص العربية
650 1 7 _aالروايات
942 _2ddc
_cBK
999 _c42288
_d42288